000 00512nmm a2200169Ia 4500
008 251105s9999||||xx |||||||||||||||||und||
020 _a9788497426510
041 _aspa
100 _aCaramuel de Lobkowitz, Juan
245 0 _aQuirología :
_b Sobre el modo de hablar de las manos
264 _a[Madrid, España] :
_bBiblioteca Nueva,
_c2008
300 _a184 páginas
490 _aClásicos del pensamiento
650 _aPsychology
856 _uhttps://public.digitaliapublishing.com/a/5379
942 _cCF
999 _c90321
_d90321